[Event "Corus-C"]
[Site "Wijk aan Zee"]
[Date "2006.01.21"]
[Round "7"]
[White "Van der Wiel, John"]
[Black "Atalik, Suat"]
[Result "1/2-1/2"]
[WhiteElo "2505"]
[BlackElo "2618"]
[Annotator "Atalik,S"]
[PlyCount "38"]
[EventDate "2006.01.14"]
[EventType "tourn"]
[EventRounds "13"]
[EventCountry "NED"]
[EventCategory "9"]
[SourceTitle "CBM 111"]
[Source "ChessBase"]
[SourceDate "2006.04.04"]
[SourceVersion "1"]
[SourceVersionDate "2006.04.04"]
[SourceQuality "1"]

1. e4 c5 2. Nf3 d6 3. d4 cxd4 4. Nxd4 Nf6 5. Nc3 Nc6 6. Bg5 Bd7 $5 {Leonid
Stein's favorite.} 7. Be2 $5 Qa5 $5 8. Bxf6 gxf6 9. Nb3 {This was a nasty
surprise to me.} ({I have spent more time on} 9. O-O Nxd4 10. Qxd4 Rc8 11. a4 (
11. Nd5 Qc5 12. Qd3 Qxc2 13. Qe3 Bh6 $1 14. Qxh6 Qxe2 $13) 11... Qc5 12. Qd2 a6
$13 {which has a more forcing nature.}) 9... Qg5 10. g3 f5 11. f4 Qh6 {I have
preferred this} ({to} 11... Qg6 {because} 12. Bh5 {frees white's pieces.}) 12.
exf5 $1 ({I vaguely remember} 12. Qd2 Bg7 13. O-O-O fxe4 14. Nxe4 a5 $5 (14...
O-O-O $5)) 12... Bxf5 13. Nb5 Rc8 $6 {This natural move may be the source of
my later headaches during this game.} (13... O-O-O 14. Bf3 (14. N3d4 Be4 15.
Bf3 d5 $13) 14... Bg7 $13) 14. N3d4 Be4 $6 {Keeping the bishop in is better.} (
14... Bd7 15. Bg4 e6 16. Nxc6 Bxc6 17. Nxa7 Bxh1 18. Nxc8 Qxh2 19. Nxd6+ Bxd6
20. Qxd6 Qxg3+ 21. Kd2 Qxg4 22. Qb8+ (22. Rxh1 Qg2+ 23. Ke3 Qxh1 24. Qb8+ Kd7
25. Qxh8 Qc1+ $17) 22... Ke7 23. Qc7+ (23. Qxh8 Qxf4+ 24. Kc3 Qe3+ 25. Kb4)
23... Kf8 24. Rxh1 Qg2+ 25. Kc3 $11) 15. Bf3 Bxf3 16. Qxf3 Bg7 17. O-O-O Qg6
18. c3 $14 {Once white stabilises the position like this obviously he is
better.} a6 (18... O-O 19. g4 $1 (19. Nxc6 $6 Rxc6 20. Nxa7 Rb6 21. Qe3 Ra6 22.
Nb5 Rxa2 23. Qxe7 d5 $44)) 19. Nxc6 Rxc6 {I have offered a draw to Johnny Boy
and he accepted it.These days not much is left from the great player of 80s.} (
19... Rxc6 20. Nd4 Rc7 (20... Bxd4 21. Rxd4 Kd7 22. Rb4 Kc7 23. Re1 e6 $14) 21.
g4 O-O 22. Nf5 Rfc8 23. Rd3 b5 24. a3 a5 25. Re1 Bf8 $132) 1/2-1/2

[Event "American Continental 3rd"]
[Site "Buenos Aires"]
[Date "2005.08.12"]
[Round "7"]
[White "Spraggett, Kevin"]
[Black "Quesada Perez, Yuniesky"]
[Result "1-0"]
[WhiteElo "2592"]
[BlackElo "2522"]
[Annotator "Atlas,V"]
[PlyCount "81"]
[EventDate "2005.08.06"]
[EventType "swiss"]
[EventRounds "11"]
[EventCountry "ARG"]
[SourceTitle "CBM 109"]
[Source "ChessBase"]
[SourceDate "2005.11.14"]
[SourceVersion "1"]
[SourceVersionDate "2005.11.14"]
[SourceQuality "1"]

1. e4 c5 2. Nf3 d6 3. d4 cxd4 4. Nxd4 Nf6 5. Nc3 a6 6. Bg5 e6 7. f4 Qb6 8. Qd2
Nc6 9. Bxf6 gxf6 10. Nb3 Bd7 11. O-O-O O-O-O 12. Be2 h5 13. Rhf1 Kb8 14. Kb1
Be7 15. Rf3 h4 16. Bf1 Qc7 17. Qe1 Bc8 18. a3 Rh5 19. Be2 Rg8 20. Re3 Rhh8 21.
Bf3 Rd8 22. Nd5 exd5 23. exd5 Ne5 24. fxe5 fxe5 25. Rc3 Qb6 26. Na5 $1 {
Signal to attack!} Rde8 ({The knight is, of course, invulnerable:} 26... Qxa5
$4 27. Rxc8+) (26... f5 $2 {falls short of} 27. Rb3 Qc7 28. Nc6+) 27. Rb3 Qc5
$2 ({After this move White's attack becomes very dangerous. Correct was} 27...
Qc7) 28. Rdd3 $1 Ka7 (28... Ka8 {is strongly met by} 29. Rdc3 Qa7 30. Rxc8+
Rxc8 31. Rxb7) {[%tqu "En","Can you find the brilliant winning move for
White?","Try to expose the black king and watch out for geometrical motifs!",
"Sacrifice your knight!","a5b7","This beautiful knight sacrifice decides the
game for White.",7]} 29. Nxb7 $3 {[%csl Ra7,Gb3,Gb7,Rc5,Gd3][%cal Gd3c3] After
this terrific blow Black is doomed.} Bxb7 (29... Qc7 {Or} 30. Qe3+ Ka8 31. Rdc3
{, winning.}) 30. Rdc3 $1 Qa5 (30... Qd4 {loses to} 31. Rb4) 31. Rxb7+ $1 {
The pointe of White's attack. After this sacrifice White wins the queen and
the game.} Kxb7 32. Rb3+ Qb6 33. Rxb6+ Kxb6 34. Be2 $1 {[%csl Ra6,Rb6,Ge1,Ge2]
[%cal Ge1b4,Ge2a6] The last subtlety. Black cannot parry White's manifold
threats.} Ra8 (34... Rb8 {is strongly met by} 35. Qf2+ {/\Qf7}) 35. Qb4+ Kc7
36. Qc4+ Kd8 37. Qc6 Rc8 38. Qxa6 f5 39. Bb5 Rg8 40. Qb6+ Rc7 41. Ba6 $1 (41.
Ba6 {, and Black resigned in view of} Kd7 42. Qb5+ Kd8 43. Qb8+) 1-0

[Event "EU-Cup 18th"]
[Site "Kallithea"]
[Date "2002.09.26"]
[Round "5.2"]
[White "Marjanovic, Slavoljub"]
[Black "Gershon, Alik"]
[Result "0-1"]
[WhiteElo "2485"]
[BlackElo "2556"]
[Annotator "Avrukh,B"]
[PlyCount "72"]
[EventDate "2002.09.22"]
[EventType "team-swiss"]
[EventRounds "7"]
[EventCountry "GRE"]
[SourceTitle "CBM 092"]
[Source "ChessBase"]
[SourceDate "2003.02.06"]
[SourceVersion "1"]
[SourceVersionDate "2003.02.06"]
[SourceQuality "1"]
[WhiteTeam "Northern CA of DEI"]
[BlackTeam "Saba Hapoel"]
[WhiteTeamCountry "GRE"]
[BlackTeamCountry "ISR"]

1. e4 c5 2. Nf3 d6 3. d4 cxd4 4. Nxd4 Nf6 5. Nc3 Nc6 6. Bg5 e6 7. Qd2 a6 8.
O-O-O Qb6 9. Bxf6 gxf6 10. Nb3 Bd7 11. f4 O-O-O 12. Be2 h5 {necessity,
otherwise white will play Bh5.} 13. Rhf1 (13. Kb1 Kb8 14. Rhf1 Be7 15. Rf3 (15.
h4 $5 {[%csl Rh5]} Na5 16. Nxa5 Qxa5 17. f5 Qe5 18. Bf3 Rc8 {[%cal Ge7d8,Gd8a5]
} 19. Ne2 {[%cal Ge2d4]} Bf8 {[%cal Gf8h6]} 20. Nd4 Qc5 (20... Bh6 $5) 21. Qe2
{[%cal Gf3h5]} Qb4 $1 22. Rfe1 (22. Bxh5 $140 e5 23. Nb3 Bb5 $17) 22... e5 23.
Nb3 Bb5 24. Qf2 $13 {0-1 Hossain,E-Gershon,A/Hamburg 2001/EXT 2002 (32)}) 15...
h4 16. Bf1 (16. Rh3 $5) 16... Rh5 $5 17. Rh3 Rdh8 18. Qe1 Na5 19. Be2 R5h6 20.
Na4 (20. Nd2 $5 {[%cal Gd2f3]}) 20... Bxa4 21. Qxa5 Qxa5 22. Nxa5 Rc8 23. Nb3
Bc6 24. Bf3 Rg8 25. Nd4 Bd7 $11 {1/2-1/2 Stripunsky,A-Jakobsen,O/Copenhagen
1994/EXT 99 (80)}) 13... h4 ({I would prefer here} 13... Be7 {for black}) 14.
Kb1 Rg8 $2 $146 {Trying to prevent white idea Rf3-h3,but probably missing the
next move} (14... Kb8 15. Qe1 Be7 16. Rf3 Rdg8 17. Bf1 Rg4 {[%csl Gf4]} 18. Nd2
{[%cal Gd2c4]} Na5 {[%csl Gc4]} (18... Qc5 $142) 19. f5 Qc5 {[%cal Gc5e5]} 20.
Rh3 Nc6 21. g3 Ne5 22. Be2 Rgg8 23. gxh4 $14 {0-1 Simeonidis,I-Nikolaidis,I/
Athens GRE 2002/The Week in Chess 422 (64)}) 15. Bh5 $1 {[%csl Rf7]} Be8 16. f5
(16. Rf3 $5 {[%cal Gf3h3]} Na5 (16... Rh8 17. Bg4 Kb8 (17... Bh6 18. Nd5) (
17... Rg8 18. Nd5 $16 {[%cal Gd5f6]}) 18. Rh3 $16 {[%cal Gd2e1]}) 17. Rh3 {
[%csl Rh4]} Nxb3 18. axb3 {[%csl Rh4] and h4-pawn is falling}) 16... Rg5 17.
Qe2 Ne5 18. fxe6 $6 (18. Nd4 {[%csl Ge6]} Nc6 $8 (18... Bd7 19. Bxf7 $1) 19.
Nxc6 bxc6 20. Rf4 $16 (20. fxe6 $143 fxe6 21. Bxe8 Rxe8 22. Rxf6 Bg7 23. Rf3
Be5 $44)) (18. Rf4 $5) 18... fxe6 19. Bxe8 Rxe8 20. Rxf6 Bg7 21. Rf4 Rh8 $44 {
White won a pawn,but in this time black managed to activate his piecies and
now has some kind of compensation.} 22. Qd2 $6 {First step in wrong direction}
(22. Nd4 Rh6 23. Qf1 Nd7 $44 (23... Kb8 24. Rf8+ Ka7 25. Ncb5+ $18)) (22. Rdf1
$142 Kb8 23. Nd1 $1 $14 {[%cal Gc2c3,Gb3d4]}) 22... Nc4 $1 23. Rf8+ $2 {
This move is already clear mistake,which allows to black to create dangerous
initiative.} (23. Qd3 $142 $1 Qc7 (23... Qc6 24. Nd4 Bxd4 25. Qxd4 e5 26. Qa7
$1 $16 {[%cal Ga7a8]}) 24. Nd4 $1 Bxd4 25. Qxd4 e5 26. Qd5 $8 {[%cal Gd5g5]}
Ne3 27. Qe6+ Qd7 28. Qf6 Qg7 29. Qe6+ Qd7 $11) 23... Rxf8 24. Qxg5 Qc7 25. Qg4
(25. Rd3 $142 Rf1+ (25... Na3+ $140 26. bxa3 Bxc3 27. Rf3 $1 $13) (25... Bxc3
26. Rxc3 Na3+ 27. Ka1 $1 (27. Kc1 $5 Rf1+ 28. Kd2 Nb1+ 29. Ke2 Nxc3+ 30. Kxf1
Qc4+ 31. Kg1 Nxe4 32. Qg8+ Kc7 33. Qf7+ Kb6 $140 (33... Kd8 $142) 34. Qxb7+ $1
Kxb7 35. Na5+ $16) 27... Nxc2+ 28. Kb1 Na3+ $11) 26. Rd1 Rf2 $1 $17 (26... Na3+
27. Kc1 Rxd1+ 28. Kxd1 Nc4 $13)) 25... Kb8 26. Qxe6 Rf2 $1 27. Qh3 (27. Nd4
Nd2+ 28. Rxd2 Rxd2 $19) (27. Nd5 Na3+ $1 28. bxa3 Qxc2#) 27... Na3+ $1 28. bxa3
Bxc3 {[%csl Rb1] Despite the fact,that white is pawn up,black position is
winning.White king is permanently weak and there is a big difference in
strength between black bishop and white knight.} 29. Rc1 {[%csl Gc2]} (29. g4
Be5 {[%cal Gc7c2]} 30. Rd2 Qb6 $1 31. Rxf2 Qxf2 $19 {[%csl Rb1][%cal Gf2h2]}) (
29. Qd3 Rxg2 30. h3 Be5 31. Rf1 Rg3 $1 32. Rf3 $140 Rg1+ 33. Rf1 Qc3 {winning})
29... Be5 30. a4 Rxg2 31. c3 Rxh2 $19 {Now black has desicive advantage h-pawn
+very bad white king and very bad piecies-white is hopeless.} 32. Qd3 h3 33. a5
Qc6 $1 {[%cal Gc6a4] activating the queen} 34. Qf3 Qa4 35. Qf8+ Ka7 36. Rc2
Qxe4 0-1

[Event "Tel Aviv super 1st"]
[Site "Tel Aviv"]
[Date "1999.05.11"]
[Round "1"]
[White "Sutovsky, Emil"]
[Black "Avrukh, Boris"]
[Result "1-0"]
[WhiteElo "2612"]
[BlackElo "2609"]
[Annotator "Avrukh,B"]
[PlyCount "49"]
[EventDate "1999.05.11"]
[EventType "tourn"]
[EventRounds "9"]
[EventCountry "ISR"]
[EventCategory "14"]
[SourceTitle "CBM 071"]
[Source "ChessBase"]
[SourceDate "1999.08.01"]
[SourceVersion "1"]
[SourceVersionDate "1999.08.01"]
[SourceQuality "1"]

1. e4 c5 2. Nc3 Nc6 3. Nf3 d6 4. d4 cxd4 5. Nxd4 Nf6 6. Bg5 e6 7. Qd2 Qb6 8.
Nb3 Be7 (8... a6 9. Be2 (9. Rd1 Be7 10. Be2 Qc7 11. O-O b5 12. a3 Bb7 13. f4
Rd8 14. f5 O-O $10 {0-1 Szigetvari,J-Shtirberg,S/Kecskemet op (02) 1991 (39)})
9... Bd7 10. O-O Be7 11. Rad1 O-O 12. Kh1 (12. Bxf6 gxf6 13. Qh6 Kh8 14. Rd3 {
[%cal Gd3h3]} Rg8 $132) 12... Rad8 13. Bxf6 gxf6 (13... Bxf6 $6 14. Qxd6 Be5
15. Na4 $1 Qb4 16. Qxb4 Nxb4 17. Nac5 $16) 14. Qh6 Kh8 {[%cal Gf8g8,Gg8g7]} 15.
Bd3 {[%csl Gh7][%cal Ge4e5]} Ne5 16. f4 Ng6 17. f5 Ne5 $13 {0-1 Kholmov,
R-Vasiukov,E/Moscow op (04) ;EXP 46 1995 (40)}) 9. Bxf6 $5 (9. O-O-O O-O 10. f3
Rd8 11. Kb1 a6 (11... Qc7 12. h4 a6 13. h5 {[%cal Gh5h6]} h6 14. Bh4 b5 15. g4
Ne5 16. Qf2 b4 17. Na4 Rb8 $132 {[%csl Ga4][%cal Gc8d7] 0-1 Kornev,A-Belikov,V/
Moscow op2 (06) ;EXP 50 1995 (40)}) 12. Be3 Qc7 13. Qf2 Nd7 14. g4 b5 15. h4
Nce5 16. g5 Rb8 17. h5 b4 18. Ne2 Nc4 $132 {0-1 Arakhamia,K-Levin,F/Bad
Woerishofen op (07) ;EXP 47 1995 (37)}) 9... gxf6 (9... Bxf6 $5 10. Qxd6 Be5
11. Qd2 (11. Qc5) 11... O-O $44) 10. Be2 Bd7 $146 (10... a6 11. O-O (11. Qh6 $5
) 11... h5 12. a4 {[%cal Ga4a5]} (12. Kh1 $5 {[%cal Gf2f4,Gf4f5]}) 12... Na5
13. Nd4 Bd7 14. Rfe1 Nc6 {with normal position for black in Pavlovic,
M-Todorovic,J/Ulcinj 1998}) 11. O-O (11. Qh6 $6 O-O-O) 11... Ne5 $2 (11... h5
$2 12. a4 {[%cal Ga4a5]} (12. Nb5 Ne5 13. a4 $36 {[%cal Ga4a5]}) 12... Na5 13.
Nxa5 Qxa5 14. b4 (14. Bb5 $5) 14... Qxb4 15. Rfb1 Qa5 16. Rxb7 $16) (11... a6
$142 $5 12. Kh1 h5 13. a4 $140 (13. f4 $14) 13... Na5) 12. a4 $1 {Now black
has no choice and cannot make a long castle, so black king will be in real
danger on the kingside.} (12. Kh1 $5 {[%cal Gf2f4]} Rc8 13. f4 Nc4 14. Bxc4
Rxc4 15. f5 $36) 12... O-O 13. a5 Qc7 14. f4 Nc4 (14... Ng6 15. h4 $1 {Sutovsky
} Nxh4 16. f5 {[%csl Gh4]} exf5 $8 17. Nd5 Qd8 18. Qh6 Ng6 19. exf5 Ne5 20. Nd2
$1 {[%cal Ga1a3,Ga3h3,Gd2e4]} (20. Ra3 Kh8) 20... Kh8 $8 21. Ne4 Rg8 22. Ndxf6
Bxf6 (22... Rg7 23. Nh5 Rg8 24. Nef6 Bxf6 25. Nxf6 {leads to the same position}
) 23. Nxf6 Rg7 24. Ra3 Bc6 25. Rg3 $1 Qf8 26. Rf4 {[%cal Gf4h4] and white wins}
) 15. Bxc4 Qxc4 16. f5 Kh8 17. e5 $2 {A very responsible desicion and not the
right one. For Sutovsky it was looking, like a winning continuation, but in
fact black has an easy defence and black's bishops start to play very good.} ({
After} 17. Rf4 $142 $1 {[%cal Ge4e5,Gf4h4] black's position is unpleasant for
example:} Qc8 (17... Qc7 18. Rh4 Rg8 19. Qh6 Rg7 20. Rf1 {[%cal Gf1f3,Gf3h3]}
Rag8 (20... exf5 21. exf5 Bc6 22. Rf2 $16) 21. Rf2 $1 (21. Kh1 $6 exf5 22. exf5
(22. Rf2 $2 fxe4 23. Nd5 Qd8 24. Rxe4 Be6 $15) 22... Qc6 (22... Bc6 23. Rf2)
23. Rf2 Bxf5 24. Nd4 $140 Rxg2) 21... b5 $140 22. Kh1 b4 23. Rf3 $1 bxc3 24.
Rfh3 $18) 18. Rh4 Rg8 19. Rf1 {[%cal Gf1f3,Gf3h3]} Rg5 20. Rf3 Qg8 21. Rfh3 $16
{[%cal Gh4h7]}) 17... Qc6 $2 {[%mdl 8192] Incredible mistake, I simply forgot
about the Rf2-defense in the variation 18.exd6 Bxd6 19.Rad1 Rg8 20.Rf2} (17...
d5 $142 $8 18. Rae1 (18. Rf4 Qc7 19. Rh4 fxe5 20. Rh5 {[%cal Gd2h6]} f6 21.
fxe6 (21. Qh6 $2 Rf7 $17) 21... Bxe6 22. Nxd5 Bxd5 23. Qxd5 Qxc2 24. Qxb7 Rg8
$17) (18. exf6 Bxf6 {-18.Rae1} 19. Qh6 Qh4 $1) (18. Qh6 $140 fxe5 19. f6 Bc5+
$1 20. Kh1 Rg8 21. Qh5 Bc6 $1 {[%csl Gg2][%cal Gd5d4]} 22. Nxc5 Qxc5 23. Qxe5
Rxg2 $1 $19) 18... fxe5 19. Rxe5 Bf6 20. Ree1 {[%cal Gc3e4]} Rac8 (20... Rae8
$5 21. Ne4 $140 dxe4 22. Qxd7 Qxc2 23. fxe6 Rxe6 $17) (20... Rad8 $5) 21. Ne4
dxe4 22. Qxd7 Qd5 23. fxe6 fxe6 24. Qxd5 exd5 25. c3 $11) (17... fxe5 $2 18. f6
Bd8 19. Qxd6 $18 {[%csl Gd7,Gf8]}) 18. exd6 Bxd6 $2 {Loses at once.} (18... Bd8
$142 19. Ra4 $1 {[%cal Ga4h4]} (19. fxe6 fxe6 20. Rad1 f5 (20... e5) 21. Rfe1
Bf6 22. Nd4 Qxd6 23. Nxe6 Qxd2 24. Rxd2 $14) (19. Na4 b6 $1) 19... exf5 20. Rh4
Rg8 21. Rf2 (21. Kh1 $5 $16 {[%cal Gf1f3,Gd2f4,Gb3d4]}) 21... b6 (21... Rg5 22.
Qf4 Rc8 23. Rf3 $1 {[%cal Gb3d4,Gf3h3]} b6 24. Nd4 Qa8 25. Rg3 Rc5 26. Rh6 $1
$18 {[%cal Gf4h4]}) (21... Rg7 22. Qf4 Rc8 23. Nd4 Qc5 24. Nxf5 $16) 22. Qf4
bxa5 23. Nd4 Qc5 24. Nxf5 $16) 19. Rad1 $18 Bc5+ (19... Rg8 20. Rf2 $18) 20.
Kh1 Be8 (20... Rad8 21. Nxc5 Qxc5 22. Qh6 (22. Ne4 $2 Qe5 23. Qh6 Bc6 24. Nxf6
Qxf5 $3 $11) 22... Qe7 23. Ne4 $18) 21. Nxc5 Qxc5 22. Ne4 Qe5 (22... Qe7 23.
Qh6 Rg8 24. Nxf6 Rg7 25. Rf3 Bc6 26. Rg3 Qf8 27. Rd4 $18 {[%cal Gd4h4]}) 23.
Qh6 Rg8 24. Nxf6 Rg7 25. Nxh7 $1 1-0

[Event "EU-ch 9th"]
[Site "Plovdiv"]
[Date "2008.04.24"]
[Round "4"]
[White "L'Ami, Erwin"]
[Black "Bindrich, Falko"]
[Result "1/2-1/2"]
[WhiteElo "2600"]
[BlackElo "2513"]
[Annotator "Bindrich,F"]
[PlyCount "57"]
[EventDate "2008.04.21"]
[EventType "swiss"]
[EventRounds "11"]
[EventCountry "BUL"]
[SourceTitle "CBM 124"]
[Source "ChessBase"]
[SourceDate "2008.05.28"]
[SourceVersion "1"]
[SourceVersionDate "2008.05.28"]
[SourceQuality "1"]

1. e4 c5 2. Nf3 d6 3. d4 cxd4 4. Nxd4 Nf6 5. Nc3 Nc6 6. Bg5 Qb6 7. Nb3 e6 8.
Qd2 a6 9. Bxf6 gxf6 10. O-O-O Bd7 11. f4 O-O-O 12. Be2 h5 13. Rhf1 h4 (13...
Be7 14. Rf3 $5 Rdg8 15. Bf1 Kb8 16. Kb1 h4 17. Qe1 Rg4 18. a3 Qc7 19. Ne2 Rh5
20. h3 Rg8 21. f5 Rhh8 22. Nf4 Bf8 23. Qf2 Rg5 24. fxe6 fxe6 25. Rc3 $16 {
1-0 Kamsky,G-Ponomariov,R/Khanty Mansiysk 2007}) 14. Rf3 (14. Bg4 Kb8 15. Kb1
Bc8 16. Bh3 Ne7 17. Qe1 Bg7 18. f5 e5 19. Rf3 Qc7 20. Rfd3 $14 {1-0 Bindrich,
F-Naumann,A/Germany 2007}) 14... Kb8 15. Kb1 Rc8 16. Qe1 $6 Nb4 $1 {Now Black
has enough counterplay to equalize.} 17. Nd4 (17. a3 Nxc2 18. Kxc2 Ba4 $17)
17... Bg7 $5 (17... f5 18. exf5 Bg7 (18... e5 19. fxe5 dxe5 20. Nb3 Bc6 21. a3
$5 Nxc2 22. Kxc2 Ba4 23. Bb5 Bxb3+ 24. Kxb3 f6 25. Qe4 axb5 26. Nd5 $14) 19.
fxe6 fxe6 20. Qf2 $14) (17... d5 18. exd5 e5 19. fxe5 fxe5 20. Nb3 Qg6 21. Bd3
Nxd3 22. Rdxd3 Bg7 $13) 18. f5 Bf8 $5 (18... Nc6 19. Nxc6+ Rxc6 $11) 19. Qf1 $5
{Connected with an interesting idea.} (19. fxe6 fxe6 20. a3 Nc6 21. Nxc6+ Rxc6
22. Rxf6 Bg7 23. Rf3 Rhc8 24. Ka2 Be5 $13) 19... Qc5 (19... Nc6 $5 20. Nxc6+
Rxc6 21. Bc4 Be7 22. Bb3 Qc5 $11) 20. Nb3 (20. a3 Nc6 21. fxe6 fxe6 22. Nxc6+
Rxc6 23. Rxf6 Bg7 24. Rf3 Rhc8 $15) 20... Qb6 21. Qf2 $5 Qxf2 22. Rxf2 Be7 23.
Bg4 Nc6 $5 (23... Rcg8 24. Bh3 Rh5 $5 (24... Nc6 $2 25. fxe6 fxe6 26. Nc5 $1
$16) 25. Nd4 (25. Nc5 Bc8) 25... e5 26. Nf3 $14) (23... Kc7 24. fxe6 fxe6 25.
Nd4 $16) 24. fxe6 fxe6 (24... Bxe6 $5 25. Bf5 $14) 25. Nc5 $2 (25. Nd5 $1 Ne5 (
25... Rcg8 26. Nxe7 Rxg4 27. Rxd6 $16) 26. Bxe6 Bxe6 27. Nxe7 $16) 25... dxc5
26. Rxd7 Ne5 27. Rxe7 Nxg4 28. Rd2 Rcd8 29. Rxd8+ 1/2-1/2

[Event "Interzonal-14a"]
[Site "Subotica"]
[Date "1987.??.??"]
[Round "1"]
[White "Hamed, Ahmed"]
[Black "Speelman, Jonathan S"]
[Result "0-1"]
[WhiteElo "2310"]
[BlackElo "2550"]
[Annotator "Boensch,U"]
[PlyCount "84"]
[EventDate "1987.06.??"]
[EventType "tourn"]
[EventRounds "17"]
[EventCountry "YUG"]
[EventCategory "11"]
[SourceTitle "CBM 003"]
[Source "ChessBase"]
[SourceDate "1988.04.01"]
[SourceVersion "1"]
[SourceVersionDate "1988.04.01"]
[SourceQuality "1"]

1. e4 c5 2. Nf3 Nc6 3. Nc3 d6 4. d4 cxd4 5. Nxd4 Nf6 6. Bg5 Bd7 7. Nb3 e6 8. f4
a6 9. Qd3 h6 10. Bh4 g5 11. fxg5 Ng4 12. Qd2 Nge5 13. Be2 b5 $5 (13... Be7) 14.
O-O-O (14. a4 $5) 14... Be7 15. Kb1 hxg5 16. Bg3 (16. Bf2 $142 $14) 16... Qb6 (
16... Rb8 $142 {/\ b4}) 17. Rdf1 $14 Rb8 18. Bf2 Qb7 19. Nd4 Nxd4 20. Qxd4 b4
21. Nd1 Bc6 22. Bg3 $1 Bxe4 23. Bxe5 dxe5 24. Qxe5 O-O $8 25. Bf3 (25. Ne3 $5
Bxg2 26. Nxg2 Qxg2 27. h4 $16) 25... Bxf3 26. Rxf3 Qb5 $1 27. Qe4 Rb6 28. g4 $5
Rd6 29. Rh3 f5 30. gxf5 Qxf5 (30... Rxf5 $142 31. b3 (31. Ne3 Qe2 32. Qb7 Rf1+
$19) 31... Qd5 $15) 31. Qg2 Rfd8 32. Ne3 Qe5 {/\ Qe3!} (32... Qf4 $5) 33. Rc1
R6d7 $6 (33... Bf6 $1 34. Nc4 Qd4 35. Qe2 Rc8 $1 36. Qh5 Rxc4 $1 37. Qe8+ Kg7
38. Qh8+ Kf7 39. Rh7+ Kg6 40. Rh6+ Kf5 41. Rf1+ Kg4 $19) 34. Ng4 Qf4 {/\ Qc1-+}
35. Nf2 $2 (35. Qe2 $1 Rd6 36. Rf3 $1 Qd4 37. Re3 Qd5 38. Re5 Qc6 39. b3 {
/\ h4+-}) 35... Rd2 $19 36. Rf3 Qe5 37. Qg4 (37. Ng4 Qe1 $1 38. Nh6+ Kh7 39.
Rf7+ Kg6 40. Qf3 Rd1) 37... Bf6 38. Qxb4 Rb8 39. Qxb8+ Qxb8 40. Rxf6 Kg7 41.
Rf3 Qb7 42. Ne4 $2 Qxe4 0-1

[Event "USA-ch"]
[Site "Greenville"]
[Date "1983.??.??"]
[Round "6"]
[White "De Firmian, Nick E"]
[Black "Tarjan, James Edward"]
[Result "1-0"]
[WhiteElo "2475"]
[BlackElo "2535"]
[Annotator "Bulletin"]
[PlyCount "65"]
[EventDate "1983.07.??"]
[EventType "tourn"]
[EventRounds "13"]
[EventCountry "USA"]
[EventCategory "10"]
[SourceTitle "MCL"]
[Source "ChessBase"]
[SourceDate "1999.07.01"]
[SourceVersion "1"]
[SourceVersionDate "1999.07.01"]
[SourceQuality "1"]

1. e4 c5 2. Nf3 d6 3. d4 cxd4 4. Nxd4 Nf6 5. Nc3 a6 6. Bg5 Nc6 7. Bxf6 gxf6 8.
Bc4 Qb6 9. Nde2 $1 Bg7 (9... Qxb2 $2 10. Nd5) 10. O-O O-O 11. Bb3 f5 12. Ng3
fxe4 13. Ncxe4 $16 Na5 14. Re1 Nxb3 15. axb3 Bxb2 (15... Bd7 16. Ng5 $1) 16.
Ra4 Bg7 (16... Be5 17. Qh5) 17. Nh5 Be5 18. Qd3 $1 f5 (18... Bf5 19. Nef6+ $1)
19. Ng5 Qc6 (19... e6 20. Rg4 $1) 20. Rc4 (20. Rg4 Qc3 $1) 20... Qe8 21. Rh4
Qg6 22. f4 Bd7 23. Rh3 $1 Kh8 24. fxe5 Qxg5 25. e6 Bc6 26. Qd4+ Rf6 27. Nf4 Rg8
28. Rh5 (28. Ree3 $6 Be4) 28... Qg4 (28... Qg7 29. Re3 Qf8 30. Reh3 Rg7 31.
Ng6+ $1) 29. Re3 $1 Be4 (29... Bxg2 30. Rg3) 30. Reh3 Rg7 31. R3h4 $1 Qf3 32.
Rxh7+ Rxh7 33. Rxh7+ 1-0

[Event "EU-chT (Men) 10th"]
[Site "Debrecen"]
[Date "1992.11.??"]
[Round "6.1"]
[White "Kotronias, Vasilios"]
[Black "Kovalev, Andrei"]
[Result "1-0"]
[WhiteElo "2560"]
[BlackElo "2570"]
[Annotator "Bulletin"]
[PlyCount "79"]
[EventDate "1992.11.20"]
[EventType "team-swiss"]
[EventRounds "9"]
[EventCountry "HUN"]
[SourceTitle "EU-chT"]
[Source "ChessBase"]
[SourceDate "1999.07.01"]
[SourceVersion "2"]
[SourceVersionDate "1999.07.01"]
[SourceQuality "1"]
[WhiteTeam "Greece"]
[BlackTeam "Belarus"]
[WhiteTeamCountry "GRE"]
[BlackTeamCountry "BLR"]

1. e4 c5 2. Nf3 d6 3. d4 cxd4 4. Nxd4 Nf6 5. Nc3 Nc6 6. Bg5 a6 7. Qd2 Nxd4 8.
Qxd4 e5 9. Qa4+ Bd7 10. Bxf6 $5 (10. Qb3) 10... Qxf6 $6 (10... gxf6 $142) 11.
Bb5 $1 Qd8 12. Bxd7+ Qxd7 13. Qb3 Be7 14. Nd5 Bd8 15. O-O O-O 16. Rfd1 Rc8 17.
Rd3 Re8 18. Rad1 Re6 19. Rc3 Rc6 20. Rdd3 $16 Ba5 21. Rxc6 Qxc6 22. h3 g6 23.
Rf3 Kg7 24. Qa3 Bd8 25. Rc3 Qd7 26. Qb4 Re8 27. a4 Rf8 28. Rb3 Qc6 29. Ne3 Bg5
30. Rc3 Qd7 31. Nc4 b5 32. axb5 axb5 33. Qxd6 Qb7 34. Rb3 Rd8 35. Qxe5+ f6 36.
Rxb5 Rd1+ 37. Kh2 Qa7 38. Qc5 Qd7 39. g3 Rc1 40. Nd6 1-0